=LDR 00000nam 2200000 4500 =001 INLIS000000000040755 =005 20150309100752.0 =006 =007 =008 ind =035 ##$$0010-061300000040755 =041 ##$$a ind =082 ##$$a 808.83 =090 ##$$a 808.83 , Wah ,s =100 ##$$a WAHYU H.R =245 ##$$a Syekh siti jenan sang pemberontak , Wahyu H.R =260 ##$$a 2011 $b Yogyakarta =300 ##$$a 357 hlm. , 22 cm =650 ##$$a FIKSI SEJARAH =850 ##$$a NBPNMAT =990 ##$$a 0001/BPAP-NTB/20142014